Supera la preocupación y la ansiedad : el secreto para dominar tu mente /

Detalles Bibliográficos
Autor principal: Amen, Daniel G. (Autor)
Otros Autores: Monrabà, Genís (Traductor)
Formato: Electrónico eBook
Lenguaje:español
inglés
Publicado: Barcelona, España : Reverté Management, [2025]
Materias:
Acceso en línea:Digitalia Hispánica

MARC

LEADER 00000nam a2200000Ii 4500
001 DIGREVMGM0103
003 NyNyDIG
006 m o d
007 cr |||||||||||
008 250909s2025 sp a ob 000 0 spa d
035 |a (OCoLC)1523972351 
040 |a DGITA  |b eng  |e rda  |e pn  |c DGITA 
020 |a 9788429198904  |q pdf 
020 |a 9788429198898  |q ePub 
020 |z 9788410121263  |q papel 
041 1 |a spa  |h eng 
050 1 4 |a BF575.A6 ebook 
082 0 4 |a 152.46  |2 23 
100 1 |a Amen, Daniel G.,  |e author. 
240 1 0 |a Conquer worry and anxiety.  |l Spanish  |s (Monrabà) 
245 1 0 |a Supera la preocupación y la ansiedad :  |b el secreto para dominar tu mente /  |c Daniel G. Amen ; traducción, Genís Monrabà Bueno. 
246 3 0 |a Secreto para dominar tu mente 
264 1 |a Barcelona, España :  |b Reverté Management,  |c [2025] 
300 |a 1 online resource :  |b illustrations. 
336 |a text  |b txt  |2 rdacontent 
337 |a computer  |b c  |2 rdamedia 
338 |a online resource  |b cr  |2 rdacarrier 
347 |a text file  |2 rdaft 
347 |b PDF 
347 |b EPUB 
500 |a "REM Life" --Cover. 
504 |a Includes bibliographical references. 
588 0 |a Online resource; title from PDF title page (Digitalia, viewed September 9, 2025) 
650 0 |a Anxiety. 
650 0 |a Self-actualization (Psychology) 
650 0 |a Decision making. 
650 0 |a Happiness. 
700 1 |a Monrabà, Genís,  |e translator. 
700 1 |i Translation of:  |a Amen, Daniel G.  |t Conquer worry and anxiety. 
791 2 |a Digitalia (Firm),  |e distributor. 
793 0 |g Digitalia eBook Collection:  |a Reverté Management 
776 0 8 |i Print version:  |a Amen, Daniel G.  |s Conquer worry and anxiety. Spanish (Monrabà).  |t Supera la preocupación y la ansiedad.  |d Barcelona, España : Reverté Management, [2025]  |z 9788410121263 
856 4 0 |3 Digitalia Hispánica  |u https://www.digitaliapublishing.com/a/176002/ 
910 |a Premium collection: 2025